Tokyo Locations - Sudden Death - Statistics

General Stats
  • This quiz has been taken 274 times
  • The average score is 7 of 16
Answers on the Grid
Answers color-coded by a green-red scale on the quiz's grid according to % correct below.
Ajinomoto Stadium
Akihabara Electric Town
Fuji-Q Highland
Ginza
Imperial Palace
JAXA Tsukuba Space Center
Kabira Bay
Kokyo Gaien National Garden
Lake Biwa
Legoland Japan
Maison Hermès
Meguro Sky Garden
Meji Shrine
Mount Fuji
Nachi Falls
National Museum Of Art
NTT Docomo Yoyogi Building
Peace Memorial Park
Q&A Stadium Miyagi
SCMaglev and Railway Park
Senmaida Rice Terraces
Sensō-ji
Sensoji Temple
Shibuya Crossing
Shinjuku Station
Sunshine 60
Tateyama Snow Corridor
Tempozan Ferris Wheel
The Skytree
Tsukiji Outer Market
Umeda Sky Building
Universal Studios Japan
 
Answer Stats
Answer % Correct
Ginza
63%
The Skytree
62%
Shinjuku Station
61%
Shibuya Crossing
60%
Imperial Palace
58%
Meji Shrine
57%
Akihabara Electric Town
56%
Sensō-ji
48%
Sensoji Temple
45%
Tsukiji Outer Market
45%
Meguro Sky Garden
37%
NTT Docomo Yoyogi Building
34%
Kokyo Gaien National Garden
21%
Sunshine 60
18%
Ajinomoto Stadium
14%
Maison Hermès
8%
No matching quizzes found
Score Distribution
Percent of People with Each Score
Percentile by Number Answered
Your Score History
You have not taken this quiz